Welcome to the Holygrace Academy Library

Please use search bar below to get started

THE MYSTERY OF THE STRANGE LOOK ALIKE (Record no. 5973)

MARC details
000 -LEADER
fixed length control field 00330nam a22001337a 4500
082 ## - DEWEY DECIMAL CLASSIFICATION NUMBER
Classification number 823
Item number THO/M
100 ## - MAIN ENTRY--AUTHOR NAME
Personal name THOMAS, VERNOR
245 ## - TITLE STATEMENT
Title THE MYSTERY OF THE STRANGE LOOK ALIKE
260 ## - PUBLICATION, DISTRIBUTION, ETC. (IMPRINT)
Place of publication MUMBAI
Name of publisher BETTER YOURSELF BOOKS
300 ## - PHYSICAL DESCRIPTION
Number of Pages 75
520 ## - SUMMARY, ETC.
Summary, etc ENGLISH SHORT STORY
650 ## - SUBJECT ADDED ENTRY--TOPICAL TERM
Topical Term ENGLISH SHORT STORY
Geographic subdivision MUMBAI
942 ## - ADDED ENTRY ELEMENTS (KOHA)
Koha item type Books
Holdings
Withdrawn status Lost status Collection code Home library Current library Shelving location Date acquired Source of acquisition Cost, normal purchase price Full call number Accession Number Koha item type
    Fiction Main Library Main Library SHELF 3- J- ENGLISH CHILDRENS LITERATURE &MYTHOLOGY 04/03/2002 PURCHASE 20.00 823 THO/M 00304 Books